| 000 | 00597nam a2200193Ia 4500 | ||
|---|---|---|---|
| 001 | 15780 | ||
| 003 | GE_BSU | ||
| 008 | 181216s||||||||xx |||||||||||||| ||und|| | ||
| 040 | _cGE_BSU | ||
| 080 | _a821.353.1-1 + 821.353.1-11 | ||
| 100 | _aჭავჭავაძე, ი. (ილია, 1837-1907) | ||
| 245 | _aლექსები, პოემები | ||
| 245 | _cმხატვ. ლ. ზაალიშვილი. | ||
| 260 | _aთბილისი | ||
| 260 | _c1937 | ||
| 300 | _a207 გვ. ; 17 სმ | ||
| 653 | _aლექსები, პოემები | ||
| 942 | _cBK | ||
| 999 |
_c48878 _d48878 |
||